[Event "39. Mar del Plata open"]
[Site "Mar del Plata ARG"]
[Date "2008.03.18"]
[Round "5"]
[White "Barbeli, Jose"]
[Black "Bianchi, Albino"]
[Result "0-1"]
[WhiteElo "2114"]
[PlyCount "56"]
[EventDate "2008.03.15"]
[EventType "swiss"]
[EventRounds "9"]
[EventCountry "ARG"]
[Source "lmi"]
[SourceDate "2008.03.15"]
[BlackElo "2114"]

1. e4 c5 2. Nf3 Nc6 3. d4 cxd4 4. Nxd4 Nf6 5. Nc3 e5 6. Nb3 Bb4 7. Bd3 d5 8.
exd5 Nxd5 9. Bd2 Nxc3 10. bxc3 Bd6 11. Qf3 O-O 12. O-O f5 13. Bc4+ Kh8 14. Rad1
Qh4 15. Bg5 Qxg5 16. Rxd6 e4 17. Qg3 Qe7 18. Qf4 Ne5 19. Rd4 Ng6 20. Qe3 Ne5
21. f3 exf3 22. gxf3 f4 23. Qf2 Bh3 24. Rfd1 Nxc4 25. Rxc4 Rf6 26. Qc5 Rg6+ 27.
Kh1 Bg2+ 28. Kg1 Bxf3+ 0-1

[Event "39. Mar del Plata open"]
[Site "Mar del Plata ARG"]
[Date "2008.03.18"]
[Round "5"]
[White "Ortiz, Jorge"]
[Black "Sandoval, Teofilo"]
[Result "0-1"]
[BlackElo "2158"]
[PlyCount "96"]
[EventDate "2008.03.15"]
[EventType "swiss"]
[EventRounds "9"]
[EventCountry "ARG"]
[Source "lmi"]
[SourceDate "2008.03.15"]
[WhiteElo "1912"]

1. d4 Nf6 2. Nf3 e6 3. c4 b6 4. e3 Bb7 5. Be2 Ne4 6. Nc3 Bb4 7. Qc2 f5 8. O-O
O-O 9. Bd2 a5 10. a3 Be7 11. d5 Nxd2 12. Qxd2 Na6 13. Rad1 Qe8 14. dxe6 dxe6
15. Qd7 Bf6 16. Qxe8 Rfxe8 17. Nd4 Rad8 18. Ndb5 Kf8 19. Bf3 Bxf3 20. gxf3 Rxd1
21. Rxd1 Rd8 22. Rxd8+ Bxd8 23. Nd4 Kf7 24. f4 Bf6 25. Kg2 g6 26. Nde2 Nc5 27.
b4 axb4 28. axb4 Nd3 29. Nb5 Bd8 30. c5 bxc5 31. bxc5 Nxc5 32. Ned4 Na6 33. Nc6
Bf6 34. f3 Ke8 35. e4 Kd7 36. Nbd4 Bxd4 37. Nxd4 Nc5 38. exf5 exf5 39. h4 Ne6
40. Ne2 Kd6 41. h5 gxh5 42. Kh3 h6 43. Kh4 Ng7 44. Kg3 c5 45. Kf2 Kd5 46. Ke3
Kc4 47. Kd2 h4 48. Ng1 Ne6 0-1